El desarrollo legislativo español y los compromisos comunitarios (Registro nro. 1605)
[ vista simple ]
| 000 -CABECERA | |
|---|---|
| Longitud fija campo de control | 01044nam a2200301 c 4500 |
| 001 - NÚMERO DE CONTROL | |
| Número de control | 1605 |
| 003 - IDENTIFICADOR DE NÚMERO DE CONTROL | |
| Identificador del número de control | ES-MaCES |
| 005 - FECHA Y HORA DE LA ÚLTIMA TRANSACCIÓN | |
| Fecha y hora de la última transacción | 20150929135345.0 |
| 008 - CAMPO FIJO DE DESCRIPCIÓN FIJA--INFORMACIÓN GENERAL | |
| Códigos de información de longitud fija | 940526s1993 sp ||| | spa d |
| 035 ## - NÚMERO DE CONTROL DEL SISTEMA | |
| Número de control del sistema | CES19980016131m |
| 040 ## - FUENTE DE CATALOGACIÓN | |
| Centro catalogador de origen | ES-MaCES |
| Lengua de catalogación | spa |
| Centro transcriptor | ES-MaCES |
| 100 1# - ENCABEZAMIENTO PRINCIPAL--NOMBRE PERSONAL | |
| Nombre de persona | Salgado Méndez, Elena |
| 9 (RLIN) | 23090 |
| 245 13 - MENCIÓN DE TÍTULO | |
| Título | El desarrollo legislativo español y los compromisos comunitarios |
| Mención de responsabilidad, etc. | [Elena Salgado] |
| 260 ## - PUBLICACIÓN, DISTRIBUCIÓN, ETC (PIE DE IMPRENTA) | |
| Lugar de publicación, distribución, etc. | [Madrid |
| Nombre del editor, distribuidor, etc. | s.n. |
| Fecha de publicación, distribución, etc. | 1993] |
| 300 ## - DESCRIPCIÓN FÍSICA | |
| Extensión | 10 h. |
| Dimensiones | 30 cm |
| 500 ## - NOTA GENERAL | |
| Nota general | Documento perteneciente a las Jornadas sobre Telecomunicaciones para el fin de siglo, Madrid, 24 y 25 de noviembre de 1993 |
| 500 ## - NOTA GENERAL | |
| Nota general | Ejemp. mecanografiado |
| 541 ## - NOTA DE LA FUENTE INMEDIANTE DE ADQUISICIÓN | |
| Forma de adquisición | Gratuito |
| 650 #4 - ASIENTO SECUNDARIO DE MATERIA--TÉRMINO DE MATERIA | |
| Término de materia o nombre geográfico como elemento inicial | telecomunicaciones |
| 9 (RLIN) | 27884 |
| 650 #4 - ASIENTO SECUNDARIO DE MATERIA--TÉRMINO DE MATERIA | |
| Término de materia o nombre geográfico como elemento inicial | legislación |
| 9 (RLIN) | 27153 |
| 650 #4 - ASIENTO SECUNDARIO DE MATERIA--TÉRMINO DE MATERIA | |
| Término de materia o nombre geográfico como elemento inicial | España |
| 9 (RLIN) | 26964 |
| 653 10 - TÉRMINO DE INDEXACIÓN--NO CONTROLADO | |
| Término no controlado | Transporte-Comunicaciones |
| 650 #4 - ASIENTO SECUNDARIO DE MATERIA--TÉRMINO DE MATERIA | |
| 9 (RLIN) | 26752 |
| Término de materia o nombre geográfico como elemento inicial | UE |
| 711 2# - ENCABEZAMIENTO SECUNDARIO--NOMBRE DE REUNIÓN | |
| Nombre de congreso o nombre de jurisdicción como elemento inicial | Jornadas sobre Telecomunicaciones para el Fin de Siglo |
| Fecha del congreso | 1993 |
| Sede del congreso | Madrid |
| 9 (RLIN) | 53 |
| 902 ## - CES. TIPO DE DOCUMENTO | |
| Tipodoc (006$c Sirtex) | DOC Literatura gris |
| 942 ## - ELEMENTOS KOHA | |
| Fuente de clasificaión o esquema | Clasificación propia del CES |
| Koha [por defecto] tipo de item | Monografías |
| Parte de clasificación | 5.2. |
| Número de registro | Signatura completa | Tipo de item de Koha |
|---|---|---|
| 004778 | DOC-5.2.-7 | Monografías |
